Lagu kenangan : Antologi puisi tiga penyair Sarawak

Bibliographic Details
Main Author: Mohd.Esmawi Haji Husly
Format: Book
Published: Kuala Lumpur : Dewan bahasa dan pustaka , 1986

MARC

LEADER 00000cam a2200000 7i4500
001 0000055221
005 20151117.0
008 151117
090 0 0 |a MOH   |b MAL 
100 1 |a Mohd.Esmawi Haji Husly 
245 1 2 |a Lagu kenangan :   |b Antologi puisi tiga penyair Sarawak   |c Mohd.Esmawi Haji Husly;Saiee Driss;Chan Khun Neng 
260 |a Kuala Lumpur :   |b Dewan bahasa dan pustaka ,   |c 1986 
999 |a 0000805445   |b Book   |c Adult Collection   |e Cawangan Pontian